000 00967nam a2200325Ia 4500
001 dia_5953
003 CHAP
005 20230829120004.0
008 220117s2013 xx 000 0 und d
010 _a177086
020 _a978-607-07-1687-4
040 _cCHAP
082 _a808.83872 M66 L34 2013
100 _aMontero, Rosa
_9160137
245 _aLágrimas en la lluvia /
_c Rosa Montero
260 _aMéxico :
_b Seix Barral :,
_b Planeta,
_c2013
300 _a477 p.
440 _aBooket
_9153675
590 _aPQ6663.O554 L34 2013
650 _aAndroids
_xFiction
_9160153
650 _aFiction
_9152751
650 _aLiteratura española
_xSiglo XXI
_9160139
650 _aNovela
_982011
650 _aRobots
_xNovela
_9160154
650 _aSpanish literature
_x20th century
_9160155
901 _a808.83872 M66 L34 2013
902 _aM
905 _a5232272013 mx x 9222223332spa16
942 _cLIBRO
_2ddc
999 _c177086
_d177086